000 00243nam a2200097 a 4500
005 20200930075722.0
008 120117s1978 000 spa d
245 0 _aThe language of layout.
260 _aEnglewood Cliffs,
_c1978.
999 _c35902
_d35902
040 _aDO-SdBNP